Normal view
MARC view
Entry Personal Name
001 - CONTROL NUMBER
- control field: 1090958
003 - CONTROL NUMBER IDENTIFIER
- control field: OSt
005 - DATE AND TIME OF LATEST TRANSACTION
- control field: 20260121172638.0
008 - FIXED-LENGTH DATA ELEMENTS
- fixed length control field: 260121|| aca||aabn | a|a d
040 ## - CATALOGING SOURCE
- Original cataloging agency: OSt
- Transcribing agency: OSt
100 ## - HEADING--PERSONAL NAME
- Personal name: Eder Kikianty, Mokhwetha Mabula, Miek Messerschmidt, Jan Harm van der Walt, Marten Wortel
670 ## - SOURCE DATA FOUND
- Source citation: Work cat.: (OSt)1656698: Eder Kikianty, Mokhwetha Mabula, Miek Messerschmidt, Jan Harm van der Walt, Marten Wortel, Positivity and its Applications
